[Event "HUN-chT U18"]
[Site "Budapest"]
[Date "2022.11.03"]
[Round "6.5"]
[White "Horvath, Sebestyen"]
[Black "Raj, Zalan Kiran"]
[Result "0-1"]
[WhiteElo "1124"]
[BlackElo "1291"]
[PlyCount "58"]
[EventDate "2022.10.31"]
[EventType "team-swiss"]
[EventRounds "7"]
[EventCountry "HUN"]
[SourceTitle "CBM 211 Extra"]
[Source "ChessBase"]
[SourceDate "2023.01.31"]
[SourceVersion "1"]
[SourceVersionDate "2023.01.31"]
[SourceQuality "1"]
[WhiteTeam "Tuxera Aquaprofit NSK"]
[BlackTeam "TFSE II"]
[WhiteTeamCountry "HUN"]
[BlackTeamCountry "HUN"]

1. e4 c5 2. Nf3 Nc6 3. d4 cxd4 4. Nxd4 d6 5. Nc3 Nf6 6. Be3 g6 7. Bc4 Bg7 8. Bb3 Qa5 9. f3 Bd7 10. Qd2 Rc8 11. 0-0-0 Ne5 12. f4 Nc4 13. Bxc4 Rxc4 14. Qd3 Rc8 15. h3 b5 16. Ndxb5 Bxb5 17. Nxb5 Qxa2 18. Nc3 Qa5 19. Kb1 Nd7 20. Bd4 Nc5 21. Qc4 0-0 22. Bxg7 Kxg7 23. Qd4+ Kg8 24. Nd5 Rfe8 25. f5 Rb8 26. Rd2 Nxe4 27. Rd3 e6 28. fxe6 Rxe6 29. Ra3 Qxa3 0-1